Arras confirmatr̤ias e penitenciais

Detalles Bibliográficos
Autor principal: Gonȧlves Petrucio Salgado, Bernardo
Formato: eBook
Lenguaje:portugués
Publicado: Rio de Janeiro: Editora Processo, 2022
Materias:
Acceso en línea:Acceso restringido

MARC

LEADER 00000nam a22000007a 4500
005 20220718223813.0
007 cr|||| |||
008 220718s2022 br |||||s|||| 00||0 por d
020 |a 978658935185-6 
035 |a 36726 
040 |a vLex 
090 |c 13577  |d 13577 
100 1 |a Gonȧlves Petrucio Salgado, Bernardo 
245 1 0 |a Arras confirmatr̤ias e penitenciais  |h [Recurso electrn̤ico] /  |c Bernardo Gonȧlves Petrucio Salgado 
256 |a Servicio en ln̕ea 
260 |a Rio de Janeiro:  |b Editora Processo,  |c 2022 
300 |a 1 recurso electrn̤ico 
500 |a “Reconhecido como um dos mais talentosos acadm̊icos da sua geraȯ̂, Bernardo Salgado tem se firmado como professor didt̀ico e consistente, pesquisador de notv̀el rigor cientf̕ico e autor a um s ̤tempo denso e acessv̕el, o que alia com maestria ̉sua aguerrida atuaȯ̂ como advogado. Este livro que ora se apresenta oferece ao leitor, por meio de escrita fluida, elegante e escorreita, anl̀ise primorosa da funȯ̂ e da estrutura das arras, a consagrar o autor como um dos grandes jovens civilistas da contemporaneidade”. 
506 1 |a Disponible solo en los productos indicados  |d vLex Global  |d vLex Global (Academic Edition, excluding Law Schools)  |d vLex Global (U.S. Academic Edition, Law Schools)  |d vLex Global (U.S. Academic Edition, excluding Law Schools)  |d vLex Global (Academic Edition, Law Schools) 
650 0 4 |a Derecho Civil  |z Brasil 
740 0 |a vLex Libros (Servicio en ln̕ea) 
856 4 0 |u https://app.vlex.com/#/sources/36726  |z Acceso restringido 
942 |c BOOK 
999 0 |a Civil Law